Prime Minister and the cabinet in India: a political study (Record no. 344841)

000 -LEADER
fixed length control field 00391cam a22001337a 4500
008 - FIXED-LENGTH DATA ELEMENTS--GENERAL INFORMATION
fixed length control field 180718b1972 xxu||||| |||| 00| 0 eng d
082 ## - DEWEY DECIMAL CLASSIFICATION NUMBER
Classification number I241x54 G154
100 ## - MAIN ENTRY--PERSONAL NAME
Personal name Gangal, S.C.
245 ## - TITLE STATEMENT
Title Prime Minister and the cabinet in India: a political study
Statement of responsibility, etc. by S.C. Gangal
260 ## - PUBLICATION, DISTRIBUTION, ETC.
Place of publication, distribution, etc. Delhi
Name of publisher, distributor, etc. Navachetan Prak.
Date of publication, distribution, etc. 1972
300 ## - PHYSICAL DESCRIPTION
Extent 102p.
500 ## - GENERAL NOTE
General note Rs.12.00
650 ## - SUBJECT ADDED ENTRY--TOPICAL TERM
Topical term or geographic name entry element Prime Ministres - India
Holdings
Withdrawn status Lost status Damaged status Not for loan Permanent Location Current Location Date acquired Full call number Barcode Date last seen Price effective from Koha item type
        Indian Institute of Public Administration Indian Institute of Public Administration 1993-10-05 I241x54 G154 47207 2018-07-21 2018-07-21 Book

Powered by Koha